| 000 | 00659nam a2200217 a 4500 | ||
|---|---|---|---|
| 001 | 79782 | ||
| 003 | BD-RjUL | ||
| 005 | 20220511123517.0 | ||
| 008 | 220511s1965 |||||||| |||| 00| 0 eng d | ||
| 035 | _a(BD-RjUL)79782 | ||
| 040 |
_aBD-RjUL _beng _cBD-RjUL |
||
| 041 | _aeng | ||
| 082 |
_223 _a342.5409 _bKEC 1965 |
||
| 100 |
_aKeith, Arthur Berriedale _92921 |
||
| 245 |
_aA constitutional history of India, 1600-1935 / _cArthur Berriedale Keith |
||
| 260 |
_bAsia book centre, _c1965. |
||
| 650 |
_aIndia _xConstitutional history _92922 |
||
| 650 |
_aConstitutional history. _92679 |
||
| 651 |
_aIndia _xPolitics and government. _92923 |
||
| 942 |
_2ddc _cBK |
||
| 999 |
_c79782 _d79782 |
||